000 00555nam a2200169 i 4500
001 93716
003 ES-MaACL
005 20230906181312.0
007 t|
008 050418s1970 sp ||||1| spa d
100 1 _aLópez García, Julián.
_973662
245 1 3 _aEl reto de la sociedad moderna a la vida religiosa... /
_cJulián López García, S. J., María Begoña de Isusi, M. M. B. ...
260 _aBilbao :
_bMensajero,
_c1970.
300 _a189 p. ;
_c20 cm.
700 1 _aIsusi, María Begoña de.
_965607
852 _aES-MaACL
_jC-51750
_bR.73899
999 _c93716
_d93716